| 000 | 00346nam a22001457a 4500 | ||
|---|---|---|---|
| 003 | SGT | ||
| 020 | _a81-317-1483-7 | ||
| 082 |
_a650 _bM07M |
||
| 100 | _aMILL, ROBERT CHRISTIE | ||
| 245 | _aMANAGING THE LODGING OPERATION | ||
| 260 |
_aNEW DELHI _bPEARSON EDUCATION INDIA _c2007 |
||
| 300 | _a336 | ||
| 650 | _aHOTEL MANAGEMENT | ||
| 942 |
_2ddc _cBK |
||
| 999 |
_c12856 _d12856 |
||